Countries of Polish elective kings - Statistics

General Stats
  • This quiz has been taken 63 times
  • The average score is 10 of 12
Answer Stats
Name Country of Origin % Correct
Sigismund III Sweden
96%
Henry France
93%
August II Germany
93%
Augustus III Germany
93%
Anna Poland
91%
Ladislaus IV Poland
91%
John II Casimir Poland
91%
Stephen Báthory Romania
75%
Michael I Ukraine
67%
John III Ukraine
67%
Stanislaus I Ukraine
67%
Stanislaus II Augustus Belarus
63%
No matching quizzes found
Score Distribution
Percent of People with Each Score
Percentile by Number Answered
Your Score History
You have not taken this quiz